Statistiche per Medagliere Olimpiadi estive Londra 2012

Clicka qui per fare il quiz!

Statistiche generali

  • Questo quiz è stato fatto 6 volte
  • Il punteggio medio è 9 su 10

Statistiche sulle risposte

Medaglie d'OroMedaglie d'ArgentoMedaglie di BronzoMedaglie complessiveRappresentativa olimpica% Corretto
38292289Cina
100%
11111234Francia
100%
11191444Germania
100%
7141738Giappone
100%
891128Italia
100%
23243380Russia
100%
462929104Stati Uniti
100%
8171237Australia
75%
29171965Gran Bretagna
75%
138728Corea del Sud
50%

Distribuzione punteggi

Percentile per numero di risposta

Percentuale di utenti per punteggio

I tuoi punteggi nel tempo

Non hai fatto questo quiz